<?xml version="1.0" encoding="UTF-8"?>
<record
    xmlns:xsi="http://www.w3.org/2001/XMLSchema-instance"
    xsi:schemaLocation="http://www.loc.gov/MARC21/slim http://www.loc.gov/standards/marcxml/schema/MARC21slim.xsd"
    xmlns="http://www.loc.gov/MARC21/slim">

  <leader>01548nam a2200217Ia 4500</leader>
  <controlfield tag="003">OSt</controlfield>
  <controlfield tag="005">20250617121713.0</controlfield>
  <controlfield tag="008">210210b1988   xxu||||| |||| 00| 0 eng d</controlfield>
  <datafield tag="040" ind1=" " ind2=" ">
    <subfield code="c">AL</subfield>
  </datafield>
  <datafield tag="041" ind1=" " ind2=" ">
    <subfield code="a">Kannada</subfield>
  </datafield>
  <datafield tag="082" ind1=" " ind2=" ">
    <subfield code="a">K894.3 BOLK</subfield>
  </datafield>
  <datafield tag="100" ind1=" " ind2=" ">
    <subfield code="a">BOLL (Heinrich)</subfield>
    <subfield code="d">&#xCB9;&#xCC6;&#xCA8;&#xCCD;&#xCB0;&#xCBF;&#xC95;&#xCCD; &#xCAC;&#xCCB;&#xCB2;&#xCCD; </subfield>
    <subfield code="9">215188</subfield>
  </datafield>
  <datafield tag="245" ind1=" " ind2=" ">
    <subfield code="a">Katharina Bloom</subfield>
    <subfield code="b">&#xC95;&#xCCD;&#xCAF;&#xCBE;&#xCA5;&#xCB0;&#xCC0;&#xCA8;&#xCBE; &#xCAC;&#xCCD;&#xCB2;&#xCC2;&#xCAE;&#xCCD;</subfield>
  </datafield>
  <datafield tag="260" ind1=" " ind2=" ">
    <subfield code="a">Bengaluru</subfield>
    <subfield code="b">Jagat Sahitya Manjari</subfield>
    <subfield code="c">1988</subfield>
  </datafield>
  <datafield tag="300" ind1=" " ind2=" ">
    <subfield code="a">vi,147</subfield>
  </datafield>
  <datafield tag="520" ind1=" " ind2=" ">
    <subfield code="a">&#xC95;&#xCCD;&#xCAF;&#xCBE;&#xCA5;&#xCB0;&#xCC0;&#xCA8;&#xCBE; &#xCAC;&#xCCD;&#xCB2;&#xCC2;&#xCAE;&#xCCD; &#xC85;&#xCA8;&#xCCD;&#xCA8;&#xCC1;&#xCB5;&#xCC1;&#xCA6;&#xCC1; &#xC92;&#xC82;&#xCA6;&#xCC1; &#xCAA;&#xCBE;&#xCA4;&#xCCD;&#xCB0;&#xCA6; &#xCB9;&#xCC6;&#xCB8;&#xCB0;&#xCC1;, &#xC87;&#xCA6;&#xCA8;&#xCCD;&#xCA8;&#xCC1; &#xC9C;&#xCB0;&#xCCD;&#xCAE;&#xCA8;&#xCCD; &#xC95;&#xCBE;&#xCA6;&#xC82;&#xCAC;&#xCB0;&#xCBF; "&#xCA6;&#xCBF; &#xCB2;&#xCBE;&#xCB8;&#xCCD;&#xC9F;&#xCCD; &#xCB9;&#xCBE;&#xCA8;&#xCB0;&#xCCD; &#xC86;&#xCAB;&#xCCD; &#xC95;&#xCCD;&#xCAF;&#xCBE;&#xCA5;&#xCB0;&#xCC0;&#xCA8;&#xCBE; &#xCAC;&#xCCD;&#xCB2;&#xCC2;&#xCAE;&#xCCD;" (Die verlorene Ehre der Katharina Blum) &#xCA8;&#xCB2;&#xCCD;&#xCB2;&#xCBF; &#xC95;&#xCBE;&#xCA3;&#xCAC;&#xCB9;&#xCC1;&#xCA6;&#xCC1;. &#xC88; &#xC95;&#xCA5;&#xCC6;&#xCAF;&#xCB2;&#xCCD;&#xCB2;&#xCBF;, &#xC95;&#xCCD;&#xCAF;&#xCBE;&#xCA5;&#xCB0;&#xCC0;&#xCA8;&#xCBE; &#xCAC;&#xCCD;&#xCB2;&#xCC2;&#xCAE;&#xCCD; &#xC8E;&#xC82;&#xCAC; &#xCB8;&#xCBE;&#xCAE;&#xCBE;&#xCA8;&#xCCD;&#xCAF; &#xCAE;&#xCB9;&#xCBF;&#xCB3;&#xCC6;, &#xCA4;&#xCA8;&#xCCD;&#xCA8; &#xCAE;&#xCC7;&#xCB2;&#xCC6; &#xCB9;&#xCC7;&#xCB0;&#xCBF;&#xCA6; &#xC85;&#xCAA;&#xCB0;&#xCBE;&#xCA7; &#xC86;&#xCB0;&#xCCB;&#xCAA;&#xC97;&#xCB3;&#xCA8;&#xCCD;&#xCA8;&#xCC1; &#xC8E;&#xCA6;&#xCC1;&#xCB0;&#xCBF;&#xCB8;&#xCAC;&#xCC7;&#xC95;&#xCBE;&#xC97;&#xCC1;&#xCA4;&#xCCD;&#xCA4;&#xCA6;&#xCC6;. &#xCAE;&#xCBE;&#xCA7;&#xCCD;&#xCAF;&#xCAE;&#xC97;&#xCB3;&#xCC1; &#xCAE;&#xCA4;&#xCCD;&#xCA4;&#xCC1; &#xCAA;&#xCCA;&#xCB2;&#xCC0;&#xCB8;&#xCB0; &#xCAC;&#xCC7;&#xC9F;&#xCC6;&#xCAF;&#xCC1; &#xC86;&#xC95;&#xCC6;&#xCAF; &#xC9C;&#xCC0;&#xCB5;&#xCA8;&#xCB5;&#xCA8;&#xCCD;&#xCA8;&#xCC1; &#xCB9;&#xCC7;&#xC97;&#xCC6; &#xCB9;&#xCBE;&#xCB3;&#xCC1;&#xCAE;&#xCBE;&#xCA1;&#xCC1;&#xCA4;&#xCCD;&#xCA4;&#xCA6;&#xCC6; &#xC8E;&#xC82;&#xCAC;&#xCC1;&#xCA6;&#xCA8;&#xCCD;&#xCA8;&#xCC1; &#xC88; &#xC95;&#xCA5;&#xCC6;&#xCAF;&#xCB2;&#xCCD;&#xCB2;&#xCBF; &#xCB5;&#xCBF;&#xCB5;&#xCB0;&#xCBF;&#xCB8;&#xCB2;&#xCBE;&#xC97;&#xCBF;&#xCA6;&#xCC6;.</subfield>
  </datafield>
  <datafield tag="690" ind1=" " ind2=" ">
    <subfield code="a">Kannada Fiction</subfield>
    <subfield code="9">215190</subfield>
  </datafield>
  <datafield tag="700" ind1=" " ind2=" ">
    <subfield code="a">G S Sadashiva</subfield>
    <subfield code="d">&#xC9C;&#xCBF; &#xC8E;&#xCB8;&#xCCD; &#xCB8;&#xCA6;&#xCBE;&#xCB6;&#xCBF;&#xCB5; tr</subfield>
    <subfield code="9">215191</subfield>
  </datafield>
  <datafield tag="906" ind1=" " ind2=" ">
    <subfield code="a">041549</subfield>
  </datafield>
  <datafield tag="942" ind1=" " ind2=" ">
    <subfield code="2">ddc</subfield>
    <subfield code="c">BK</subfield>
  </datafield>
  <datafield tag="999" ind1=" " ind2=" ">
    <subfield code="c">91434</subfield>
    <subfield code="d">91434</subfield>
  </datafield>
  <datafield tag="952" ind1=" " ind2=" ">
    <subfield code="0">0</subfield>
    <subfield code="1">0</subfield>
    <subfield code="2">ddc</subfield>
    <subfield code="4">0</subfield>
    <subfield code="7">0</subfield>
    <subfield code="8">KAN</subfield>
    <subfield code="a">AL</subfield>
    <subfield code="b">AL</subfield>
    <subfield code="c">Kannada Literature</subfield>
    <subfield code="d">2021-02-17</subfield>
    <subfield code="g">15.00</subfield>
    <subfield code="l">0</subfield>
    <subfield code="o">K894.3 BOLK</subfield>
    <subfield code="p">041549</subfield>
    <subfield code="r">2021-02-17 00:00:00</subfield>
    <subfield code="w">2021-02-17</subfield>
    <subfield code="y">BK</subfield>
  </datafield>
</record>
